| 000 | 00952nam a2200253 c 4500 | ||
|---|---|---|---|
| 999 |
_c152238 _d152238 |
||
| 003 | ES-MaIEF | ||
| 005 | 20260506084838.0 | ||
| 007 | ta | ||
| 008 | 231018t2026 sp ||||| |||| 00| 0 mul d | ||
| 017 | _aGR 18/2026 | ||
| 020 | _a979-13-7033-052-1 | ||
| 040 |
_aES-MaIEF _bspa _cES-MaIEF |
||
| 245 | 0 | 0 |
_aARETÉ _bestudios en homenaje al profesor Javier Paricio Serrano _c comisión editora: Christian Baldus, Universidad de Heidelberg ; Juan Iglesias-Redondo, Universidad Complutense de Madrid ; José María Ribas Alba, Universidad de Sevilla ; José Domingo Rodríguez Martín, Universidad de Viena |
| 260 |
_aGranada _bEditorial Comares _c2026 |
||
| 300 |
_a3 vol. _c24 cm |
||
| 504 | _aBibliografía. | ||
| 650 | 4 |
_943582 _aESTUDIOS |
|
| 650 | 4 |
_aHOMENAJES _945439 |
|
| 650 | 4 |
_942372 _aDERECHO ROMANO |
|
| 650 | 4 |
_aJURISTAS ESPAÑOLES _947551 |
|
| 700 | 1 |
_973657 _aBaldus, Christian |
|
| 700 |
_920122 _aParicio Serrano, Javier |
||
| 942 | _cLIB | ||